| 000 | 00554nam a22001817a 4500 | ||
|---|---|---|---|
| 005 | 20230201020728.0 | ||
| 008 | 230201b |||||||| |||| 00| 0 eng d | ||
| 020 | _a981-247-064-6 | ||
| 082 | _aG.S. 519.5 F889 2003 | ||
| 100 |
_aFreund, John E. _eauthor |
||
| 245 |
_aModern elementary statistics / _cJohn E. Freund |
||
| 250 | _a10th ed. | ||
| 260 |
_aSingapore: _bPearson Education South Asia, _cc2003 |
||
| 300 | _axii, 621p. | ||
| 504 | _aIncludes bibliographical references and index | ||
| 541 | _e4830 c.1, 4831 c.2, 4832 c.3 | ||
| 650 | _aStatistics | ||
| 999 |
_c815 _d815 |
||